000 00710nam a22002417a 4500
003 dpl
005 20180806152437.0
008 180806b xxu||||| |||| 00| 0 eng d
010 _aA-612893
020 _c00.00
035 _aA-612893, A-612895
037 _bCen Lib/Ret
040 _aDPL
_bEN
_c0
082 _a131
_bDAV
100 _aDavar, Rustom S.
_932861
245 _aThe art of happiness :
_cby Rustom S. Davar
_bwisdom of the ancients /
260 _aNew Delhi
_bUBS Publishers
_c1993
270 _bNew Delhi
_a5, ansari road
_e110002
300 _ax, 214p.
_c21cm(Hb)
650 _aPsychology
_932862
650 _aHuman awareness
_932863
942 _2ddc
_cEN
_h131
_mDAV
999 _c131808
_d131808